Estudio sobre la capacidad de uso de la tierra en dos áreas de las subregiones Puriscal y Cariagres, Costa Rica

Gespeichert in:
Bibliographische Detailangaben
1. Verfasser: Van Melle, Gideon
Format: Text
Veröffentlicht: Turrialba: CATIE
Tags: Tag hinzufügen
Keine Tags, Fügen Sie den ersten Tag hinzu!

MARC

LEADER 00000 a a2200000 04500
001 14948
003
040 |a CRAI/IIS  |c CRAI/IIS 
090 |a 017700  
100 |a Van Melle, Gideon  
245 |a Estudio sobre la capacidad de uso de la tierra en dos áreas de las subregiones Puriscal y Cariagres, Costa Rica  
260 |a Turrialba:   |b CATIE  
300 |a 4; 62 p.  
999 |c 4479  |d 4479